000
00329nam a2200145Ia 4500
008
230718s9999 xx 000 0 und d
041
_a
Eng.
082
_a
346.02
_b
SIN-L
100
_a
Singl Avtar
245
0
_a
Law of Contract
260
_a
Pakistan
_b
Mansor book hauge
_c
2005
300
_a
620
650
_a
Law
999
_c
29408
_d
29408